<?xml version="1.0" encoding="UTF-8"?>
<marc:record xmlns:marc="http://www.loc.gov/MARC21/slim">
   <marc:leader>00000nam a2200000 a 4500</marc:leader>
   <marc:datafield ind1="1" ind2=" " tag="100">
      <marc:subfield code="a">Strahlendorf, Peter</marc:subfield>
   </marc:datafield>
   <marc:datafield ind1=" " ind2=" " tag="653">
      <marc:subfield code="a">Ökologie</marc:subfield>
   </marc:datafield>
   <marc:datafield ind1=" " ind2=" " tag="653">
      <marc:subfield code="a">Kultur</marc:subfield>
   </marc:datafield>
   <marc:datafield ind1=" " ind2=" " tag="653">
      <marc:subfield code="a">Sponsoring</marc:subfield>
   </marc:datafield>
   <marc:datafield ind1=" " ind2=" " tag="653">
      <marc:subfield code="a">Unternehmen</marc:subfield>
   </marc:datafield>
   <marc:datafield ind1="0" ind2="0" tag="245">
      <marc:subfield code="a">Jahrbuch Sponsoring '91</marc:subfield>
   </marc:datafield>
   <marc:datafield ind1=" " ind2="1" tag="264">
      <marc:subfield code="a">Düsseldorf (u.a.)</marc:subfield>
      <marc:subfield code="b">Econ</marc:subfield>
      <marc:subfield code="c">1991</marc:subfield>
   </marc:datafield>
   <marc:datafield ind1="1" ind2=" " tag="520">
      <marc:subfield code="a">PZ 4/91*526 An "Sponsoring" von Sportveranstaltungen ist man schon geraume Zeit gewöhnt, in den letzten Jahren werden aber auch Beispiele für kulturelles oder Sozio-Sponsoring immer zahlreicher und setzen beträchtliche Summen in Bewegung. Dennoch herrscht bei vielen Firmen eher Ungewißtheit vor, während mögliche Empfänger oft illusionäre Vorstellungen hegen. Strahlendorf will mit seinem Buch sowohl für potentielle Sponsoren als auch für interessierte "Nehmer" grundlegende Informationen über dieses relativ neue Kommunikationsinstrument vermitteln. Die ersten drei von ingesamt 18 Beiträgen geben einen theoretischen Abriß über das Sponsoring, Auskunft über rechtliche Dimensionen und Verfahren der Ergebniskontrolle. Einige weitere Beiträge berichten über konkrete Beispiele aus Sport-, Kunst-, Wissenschaft- und Umwelt-Sponsoring. Andere Artikel befassen sich mit dem Verhältnis von Sponsoring und Journalismus, der Problematik von Auftragskunst und stellen die verschiedenen Typen von Sponsoring-Agenturen mit ihren Vorzügen und Nachteilen vor. Ein Anhang enthält u.a. 16 Agenturporträts sowie zahlreiche weitere Adressen.</marc:subfield>
   </marc:datafield>
   <marc:datafield ind1="0" ind2=" " tag="490">
      <marc:subfield code="v">0</marc:subfield>
   </marc:datafield>
   <marc:datafield ind1=" " ind2=" " tag="542">
      <marc:subfield code="d">Strahlendorf, Peter</marc:subfield>
   </marc:datafield>
   <marc:datafield ind1=" " ind2=" " tag="300">
      <marc:subfield code="a">192 S.</marc:subfield>
   </marc:datafield>
</marc:record>
